| 000 | 00844cam a22002294a 4500 | ||
|---|---|---|---|
| 001 | 15465134 | ||
| 005 | 20180124045020.0 | ||
| 008 | 080925s2010 njua 000 0 eng | ||
| 010 | _a 2008040039 | ||
| 020 | _a9780135016824 | ||
| 020 | _a0135016827 | ||
| 040 |
_aDLC _cDLC _dDLC |
||
| 041 | _aeng | ||
| 080 | _a610.737069 kim | ||
| 082 | 0 | 0 |
_a610.737069 kim _222 |
| 100 | 1 | _a3 | |
| 101 | _ashm | ||
| 245 | 1 | 0 |
_aExcelling in the externship : _cKimberly Halverson-Bender. |
| 906 |
_a7 _bcbc _corignew _d1 _eecip _f20 _gy-gencatlg |
||
| 942 |
_2ddc _cBK |
||
| 999 |
_c40842 _d40842 |
||